| Tag |
First Indicator |
Second Indicator |
Subfields |
| LEADER |
00000cam a22000005a 4500 |
| 001 |
in00001076721 |
| 005 |
20150929105135.0 |
| 008 |
920609s1992 nyu 001 0 eng d |
| 020 |
|
|
|a 044177427X (pbk.)
|
| 035 |
|
|
|a (OCoLC)25980728
|
| 035 |
|
|
|9 AFQ0363AM
|
| 040 |
|
|
|a JDP
|c JDP
|d TXA
|d UtOrBLW
|
| 049 |
|
|
|a TXAM
|
| 090 |
|
|
|a PS3558.E63
|b S66 1992
|
| 100 |
1 |
|
|a Herbert, Frank.
|
| 245 |
1 |
0 |
|a Songs of Muad'dib :
|b poems and songs from Frank Herbert's "Dune" series and his other writings /
|c edited by Brian Herbert.
|
| 250 |
|
|
|a Ace trade paperback ed.
|
| 264 |
|
1 |
|a New York :
|b Ace Books,
|c [1992]
|
| 264 |
|
4 |
|c ©1992
|
| 300 |
|
|
|a 111 pages ;
|c 21 cm.
|
| 336 |
|
|
|a text
|b txt
|2 rdacontent
|
| 337 |
|
|
|a unmediated
|b n
|2 rdamedia
|
| 338 |
|
|
|a volume
|b nc
|2 rdacarrier
|
| 500 |
|
|
|a Includes index.
|
| 700 |
1 |
|
|a Herbert, Brian.
|
| 740 |
4 |
|
|a The poetry of Frank Herbert.
|
| 999 |
|
|
|a MARS
|
| 999 |
f |
f |
|s baaf32dd-61f8-320f-b267-f1b13a9bc089
|i b7435e28-4145-3b1b-970a-12fcfe159b63
|t 0
|
| 952 |
f |
f |
|p ric
|a Texas A&M University
|b Rellis Campus
|c Joint Library Facility
|d Remote Storage
|t 0
|e PS3558.E63 S66 1992
|h Library of Congress classification
|i unmediated -- volume
|m A14816181659
|
| 998 |
f |
f |
|a PS3558.E63 S66 1992
|t 0
|l Remote Storage
|